000 00295nam a2200121Ia 4500
008 190216s9999||||xx |||||||||||||| ||und||
100 _aMelville C Branch
245 0 _aCorporate Palnning Process
260 _bDb.Taraporevala Sons &co
_c1970
300 _a253p
650 _aCommerce
942 _cBK
999 _c8318
_d8318